| 000 | 01055nac a22002651u 4500 | ||
|---|---|---|---|
| 010 | _a 92036823 | ||
| 020 | _a0824787730 (alk. paper) | ||
| 082 | 0 | 0 |
_a336 _bCOM |
| 090 |
_c9618 _d9618 |
||
| 100 | _a20080729 | ||
| 245 | 0 | 0 |
_aHandbook of comparative public budgeting and financial management / _cedited by Thomas D. Lynch, Lawrence L. Martin. |
| 260 |
_aNew York : _bMarcel Dekker,1993 _cc1993. |
||
| 300 |
_ax, 330 p. : _bill. ; _c23 cm. |
||
| 440 | 0 |
_aPublic administration and public policy ; _v50 |
|
| 500 | _adistributer: Al-Ahram | ||
| 504 | _aIncludes bibliographical references and index. | ||
| 511 | _acatalogued by: wessam | ||
| 650 | 0 | _aFinance, Public. | |
| 650 | 0 | _aBudget. | |
| 700 | 1 |
_aLynch, Thomas Dexter, _d1942- |
|
| 700 | 1 | _aMartin, Lawrence L. | |
| 856 | 4 | 2 |
_3Publisher description _uhttp://www.loc.gov/catdir/enhancements/fy0745/92036823-d.html |
| 942 |
_cBB _k336COM |
||
| 999 |
_c9618 _d9618 |
||